000 00348nam a2200133Ia 4500
008 240624s9999 xx 000 0 und d
041 _aeng
082 _a658.3 TAY
100 _aTAYLOR STEPHEN
245 _aEMPLOYEE RETENTION HANDBOOK
260 _c2008
_aMumbai
_bJaico Publishing House
300 _avii, : 279 : p. : cm. ; 24
365 _cRS
_b30
999 _c12724
_d12724